Biología /

Guardado en:
Autor Principal: Curtis, Helena
Otros Autores: Barnes, N. Sue
Formato: Libro
Publicado: Buenos Aires : Panamericana, 2000
Edición:6a. ed.
Materias:
Etiquetas: Agregar Etiqueta
Sin Etiquetas, Sea el primero en etiquetar este registro!
LEADER 02285nam a22002535a 4500
001 CEM.cems010625
008 130507s2000##################000#0#####d
005 20211206185217.0
003 CEMS
245 1 0 |a Biología /  |c Helena Curtis , N. Sue Barnes 
250 |a 6a. ed. 
260 |a Buenos Aires :  |b Panamericana,  |c 2000 
300 |a 1520 p. 
500 |a Para Polimodal y Universidad 
505 0 |a El camino a la teoría de la evolución -- La unidad de la vida: átomos y células, agua, moléculas orgánicas ,las células, cómo están organizadas las células, cómo entran y salen sustancias de la célula -- Los seres vivos y la energía: el flujo de la energía, glucólisis y respiración, fotosíntesis -- Información genética: ciclo celular, división y muerte de las células, Meiosis y reproducción sexual, el comienzo de la genética, extensión de la genética mendeliana, la selección natural, sobre el origen de las especies, la evolución de los homínidos, el comportamiento animal -- La diversidad de la vida: la clasificación de los organismos, procariotas y virus, los protistas, los hongos, las plantas, el reino animal -- La vida de las plantas: las plantas con flores, el cuerpo de la planta y su desarrollo, procesos de transporte en las plantas, regulación del crecimiento y desarrollo de las plantas -- La vida de los animales: tejidos, órganos y sistemas de los vertebrados, energía y metabolismo: digestión, respiración, circulación -- Homeostasis: excreción y balance de agua, la regulación de la temperatura, la respuesta inmune -- Integración y control: el sistema endocrino, el sistema nervioso, percepción sensorial y respuesta motora, el cerebro de los vertebrados -- La continuidad de la vida: reproducción, desarrollo -- Ecología: dinámica de las poblaciones, interacciones en las comunidades, ecosistemas, la biósfera 
020 |a 950060423X 
100 1 |a Curtis, Helena 
700 1 |a Barnes, N. Sue 
082 0 4 |a 574 
653 |a Biología 
859 |a CEMS  |b BIB. CEMS - 11 de abril  |h 574  |i C943a6  |p 21207.01  |t Ej.1 
859 |a CEMS  |b BIB. CEMS - Agricultura  |h 574  |i C943a6  |p A0330.01  |t Ej.1 
859 |a CEMS  |b BIB. CEMS - Agricultura  |h 574  |i C943a6  |p A0357.01  |t Ej.2 
859 |a CEMS  |b BIB. CEMS - Agricultura  |h 574  |i C943a6  |p A0358.01  |t Ej.3